Key issues for mountain areas / (Record no. 522)
[ view plain ]
| 000 -LEADER | |
|---|---|
| fixed length control field | 00776nam a22002297a 4500 |
| 005 - DATE AND TIME OF LATEST TRANSACTION | |
| control field | 20150522033931.0 |
| 008 - FIXED-LENGTH DATA ELEMENTS--GENERAL INFORMATION | |
| fixed length control field | 040709s2004 ja a b i001 0 eng |
| 020 ## - INTERNATIONAL STANDARD BOOK NUMBER | |
| International Standard Book Number | 9280811029 |
| 024 #0 - OTHER STANDARD IDENTIFIER | |
| Terms of availability | eng |
| 080 ## - UNIVERSAL DECIMAL CLASSIFICATION NUMBER | |
| Universal Decimal Classification number | 551.432 |
| 245 00 - TITLE STATEMENT | |
| Title | Key issues for mountain areas / |
| Statement of responsibility, etc | edited by Martin F. Price, Libor F. Jansky, and Andrei A. Iastenia. |
| 250 ## - | |
| -- | 1 st.ed.; |
| 260 ## - | |
| -- | Tokyo ; |
| -- | New York : |
| -- | United Nations University Press, |
| -- | 2004. |
| 300 ## - | |
| -- | 273 f. : |
| -- | me il.; |
| -- | 23 cm. |
| 504 ## - BIBLIOGRAPHY, ETC. NOTE | |
| Bibliography, etc | Includes bibliographical references and index. f. 257-273 |
| 650 #0 - | |
| -- | Malet |
| 700 1# - | |
| -- | Price, Martin F. |
| 700 1# - | |
| -- | Jansky, Libor. |
| 700 1# - | |
| -- | Iastenia, Andrei A. |
| 856 41 - | |
| -- | Table of contents |
| -- | http://www.loc.gov/catdir/toc/ecip0420/2004015893.html |
| 942 ## - ADDED ENTRY ELEMENTS (KOHA) | |
| Source of classification or shelving scheme | |
| Item type | Books |
| Withdrawn status | Lost status | Source of classification or shelving scheme | Damaged status | Not for loan | Collection code | Permanent location | Current location | Shelving location | Date acquired | Total Checkouts | Full call number | Barcode | Date last seen | Koha item type | Price effective from |
|---|---|---|---|---|---|---|---|---|---|---|---|---|---|---|---|
| Koleksioni i përgjithshem | UBT - Ferizaj | UBT - Ferizaj | Koleksioni i përgjithshem | 10/10/2014 | 551.432 KEY | 003000853 | 10/10/2014 | Books | |||||||
| Koleksioni i përgjithshem | UBT - Ferizaj | UBT - Ferizaj | Koleksioni i përgjithshem | 10/10/2014 | 551.432 KEY | 003000854 | 10/10/2014 | Books | |||||||
| Koleksioni i përgjithshem | UBT - Ferizaj | UBT - Ferizaj | Koleksioni i përgjithshem | 10/10/2014 | 551.432 KEY | 003000855 | 10/10/2014 | Books | |||||||
| Koleksioni i përgjithshem | UBT - Ferizaj | UBT - Ferizaj | Koleksioni i përgjithshem | 10/10/2014 | 551.432 KEY | 003000856 | 10/10/2014 | Books | |||||||
| Koleksioni i përgjithshem | UBT - Ferizaj | UBT - Ferizaj | Koleksioni i përgjithshem | 10/10/2014 | 551.432 KEY | 003000857 | 10/10/2014 | Books | |||||||
| Koleksioni i përgjithshem | UBT - Ferizaj | UBT - Ferizaj | Koleksioni i përgjithshem | 10/10/2014 | 551.432 KEY | 003000858 | 10/10/2014 | Books | |||||||
| Koleksioni i përgjithshem | UBT - Ferizaj | UBT - Ferizaj | Koleksioni i përgjithshem | 10/10/2014 | 551.432 KEY | 003000859 | 10/10/2014 | Books | |||||||
| Koleksioni i përgjithshem | UBT - Ferizaj | UBT - Ferizaj | Koleksioni i përgjithshem | 10/10/2014 | 551.432 KEY | 003000860 | 10/10/2014 | Books | |||||||
| Koleksioni i përgjithshem | UBT - Ferizaj | UBT - Ferizaj | Koleksioni i përgjithshem | 10/10/2014 | 551.432 KEY | 003000861 | 10/10/2014 | Books | |||||||
| Koleksioni i përgjithshem | UBT - Ferizaj | UBT - Ferizaj | Koleksioni i përgjithshem | 10/10/2014 | 551.432 KEY | 003000862 | 10/10/2014 | Books | |||||||
| Koleksioni i përgjithshem | UBT - Lipjan | UBT - Lipjan | Koleksioni i përgjithshem | 05/20/2015 | 339 PRI | 9789280811025 | 05/20/2015 | Books | 05/20/2015 |